[Event "Chigorin Memorial 2014"]
[Site "St Petersburg RUS"]
[Date "2014.10.18"]
[Round "1.48"]
[White "Matsenko, Sergei"]
[Black "Baraeva, Marina"]
[Result "1-0"]
[WhiteTitle "IM"]
[BlackTitle "WIM"]
[WhiteElo "2485"]
[BlackElo "2089"]
[WhiteFideId "4170083"]
[BlackFideId "24142573"]
[EventDate "2014.10.18"]

1. Nf3 d5 2. c4 c6 3. e3 Nf6 4. Nc3 e6 5. Qc2 Bd6 6. d4 O-O 7. Be2 Nbd7 8. O-O
b6 9. e4 dxe4 10. Nxe4 Nxe4 11. Qxe4 Bb7 12. Rd1 Qc7 13. Bd3 Nf6 14. Qh4 Be7 15.
Bg5 h6 16. Bxh6 gxh6 17. Qxh6 Rad8 18. Ng5 Qf4 19. Bh7+ Kh8 20. Be4+ Kg8 21. Rd3
Qxf2+ 22. Kh1 Rxd4 23. Bh7+ Kh8 24. Bf5+ Kg8 25. Nxe6 fxe6 26. Qg6+ 1-0

[Event "Chigorin Memorial 2014"]
[Site "St Petersburg RUS"]
[Date "2014.10.18"]
[Round "1.49"]
[White "Gyokbulut, Julia"]
[Black "Alekseenko, Kirill"]
[Result "0-1"]
[WhiteTitle "WFM"]
[BlackTitle "FM"]
[WhiteElo "2086"]
[BlackElo "2483"]
[WhiteFideId "4153979"]
[BlackFideId "4135539"]
[EventDate "2014.10.18"]

1. d4 Nf6 2. c4 e6 3. Nc3 Bb4 4. e3 O-O 5. Bd3 d5 6. cxd5 exd5 7. Ne2 Bg4 8. a3
Bd6 9. Qc2 Bh5 10. Bd2 c6 11. h3 Qe7 12. O-O Bg6 13. b4 Nbd7 14. Bxg6 hxg6 15.
b5 c5 16. dxc5 Nxc5 17. Nd4 Rfd8 18. Na4 Nce4 19. Ba5 Rdc8 20. Qb3 Qd7 21. f4 b6
22. Be1 Nc5 23. Nxc5 bxc5 24. Nf3 c4 25. Qb2 Bc5 26. Bf2 Ne4 27. Rfd1 Qe8 28.
Ne5 f6 29. Ng4 Rd8 30. a4 Rac8 31. Rac1 g5 32. g3 Rd6 33. Kg2 Qg6 34. Be1 Qh5
35. Bf2 Re8 36. Re1 f5 37. Ne5 gxf4 38. gxf4 Rxe5 39. Qxe5 Rg6+ 40. Kh2 Nxf2 0-1

[Event "Chigorin Memorial 2014"]
[Site "St Petersburg RUS"]
[Date "2014.10.18"]
[Round "1.50"]
[White "Chekhov, Sergei"]
[Black "Alieva, Alexandra"]
[Result "1-0"]
[WhiteTitle "IM"]
[WhiteElo "2474"]
[BlackElo "2085"]
[WhiteFideId "4195639"]
[BlackFideId "24133353"]
[EventDate "2014.10.18"]

1. e4 e5 2. Nf3 Nc6 3. d4 exd4 4. Nxd4 Bc5 5. Nxc6 Qf6 6. Qf3 bxc6 7. Nd2 d6 8.
Be2 Qxf3 9. Bxf3 Ne7 10. Nb3 Bb6 11. Bd2 f5 12. exf5 Bxf5 13. O-O-O O-O 14. Rhe1
Rf7 15. Bg5 Nd5 16. Rxd5 cxd5 17. Bxd5 c6 18. Bxf7+ Kxf7 19. Bf4 Rd8 20. Nd2 d5
21. Nf3 Kg8 22. Bg3 Be4 23. Ng5 Bxg2 24. Re7 Kf8 25. Rf7+ 1-0

[Event "Chigorin Memorial 2014"]
[Site "St Petersburg RUS"]
[Date "2014.10.18"]
[Round "1.51"]
[White "Belova, Olga"]
[Black "Matinian, Nikita"]
[Result "0-1"]
[WhiteTitle "WFM"]
[BlackTitle "IM"]
[WhiteElo "2080"]
[BlackElo "2470"]
[WhiteFideId "4138422"]
[BlackFideId "24129100"]
[EventDate "2014.10.18"]

1. e4 c5 2. Nf3 d6 3. d4 cxd4 4. Nxd4 Nf6 5. Nc3 Nc6 6. Be2 g6 7. O-O Bg7 8. Nb3
O-O 9. Re1 a6 10. Bf1 b5 11. a4 b4 12. Nd5 Nd7 13. a5 Rb8 14. Ra2 e6 15. Ne3 Nf6
16. Nc4 d5 17. exd5 Nxd5 18. Be3 Nxe3 19. fxe3 Qg5 20. Qf3 Bb7 21. Qf2 Rfd8 22.
Nbd2 Ne5 23. Nxe5 Bxe5 24. Nc4 Bc7 25. e4 f5 26. e5 Rd7 27. Raa1 Rbd8 28. Qa7
Bb8 29. Qb6 Bd5 30. Qxb4 f4 31. Nb6 Bxg2 32. Nxd7 Ba7+ 33. Nb6 Be4+ 34. Kf2 Qh4+
35. Kg1 Qg4+ 0-1

[Event "Chigorin Memorial 2014"]
[Site "St Petersburg RUS"]
[Date "2014.10.18"]
[Round "1.52"]
[White "Gordievsky, Dmitry"]
[Black "Mezentsev, Ivan"]
[Result "1-0"]
[WhiteTitle "FM"]
[WhiteElo "2455"]
[BlackElo "2080"]
[WhiteFideId "24112798"]
[BlackFideId "13706195"]
[EventDate "2014.10.18"]

1. d4 d5 2. c4 c6 3. Nc3 Nf6 4. e3 e6 5. Nf3 Nbd7 6. Bd3 Be7 7. O-O O-O 8. e4
dxe4 9. Nxe4 Nxe4 10. Bxe4 c5 11. Bc2 Nf6 12. Bg5 b6 13. Qd3 g6 14. Ne5 Bb7 15.
Bh6 cxd4 16. Bxf8 Bxf8 17. Rfd1 Bc5 18. a3 a5 19. Re1 Qc7 20. Bd1 Rd8 21. Bf3
Bxf3 22. Qxf3 Kg7 23. g3 Rc8 24. Nd3 Bd6 25. b4 axb4 26. axb4 e5 27. c5 bxc5 28.
bxc5 Bxc5 29. Rxe5 Bd6 30. Rb5 Qc6 31. Qxc6 Rxc6 32. Rc1 Rc3 33. Rxc3 dxc3 34.
Rb6 Ba3 35. Rb3 Bb2 36. Nxb2 cxb2 37. Rxb2 g5 38. h3 Kg6 39. Kg2 Kg7 40. Kf3 h6
41. Rb5 Ng8 42. Ke4 Nf6+ 43. Kf5 Ng8 44. Rb7 Nf6 45. Rb8 Nd5 46. Re8 Nf6 47. Rd8
Nh7 48. Rd4 Nf6 49. h4 gxh4 50. Rxh4 Nd5 51. Rg4+ Kf8 52. Rd4 Ne7+ 53. Kg4 Kg7
54. Kh5 Ng8 55. Rg4+ Kh7 56. Rxg8 Kxg8 57. Kxh6 Kf8 58. Kg5 Kg7 59. Kf5 f6 60.
Ke6 1-0

[Event "Chigorin Memorial 2014"]
[Site "St Petersburg RUS"]
[Date "2014.10.18"]
[Round "1.53"]
[White "Repkin, Alexander"]
[Black "Smirnov, Artem"]
[Result "0-1"]
[BlackTitle "IM"]
[WhiteElo "2077"]
[BlackElo "2450"]
[WhiteFideId "24126691"]
[BlackFideId "4143256"]
[EventDate "2014.10.18"]

1. d4 Nf6 2. Nf3 e6 3. c4 Bb4+ 4. Bd2 a5 5. a3 Bxd2+ 6. Nbxd2 d6 7. g3 O-O 8.
Bg2 Qe7 9. O-O e5 10. e3 c6 11. h3 e4 12. Ne1 Bf5 13. b4 Na6 14. Nc2 h5 15. Qe2
Nc7 16. Rfb1 Qd7 17. bxa5 Ne6 18. Rb2 Ng5 19. h4 Bg4 20. Qe1 Nf3+ 21. Nxf3 exf3
22. Bh1 Ne4 23. Qd1 Nxg3 24. Bxf3 Ne4 25. Bxg4 hxg4 26. Ne1 f5 27. f3 Nf6 28.
Rab1 Qe6 29. Ng2 Rxa5 30. fxg4 fxg4 31. Qd3 Qe4 32. Qxe4 Nxe4 33. Rxb7 Nd2 34.
Ra1 Nxc4 35. a4 g3 36. Rf1 Rxa4 37. Rxf8+ Kxf8 38. Kf1 Ra2 39. Rc7 Rf2+ 40. Kg1
Nd2 0-1

[Event "Chigorin Memorial 2014"]
[Site "St Petersburg RUS"]
[Date "2014.10.18"]
[Round "1.54"]
[White "Krapivin, Alexander"]
[Black "Zhuk, Valeriy"]
[Result "0-1"]
[WhiteTitle "GM"]
[WhiteElo "2442"]
[BlackElo "2076"]
[WhiteFideId "4154720"]
[BlackFideId "24151254"]
[EventDate "2014.10.18"]

1. e4 e6 2. b3 c5 3. Bb2 Nc6 4. Nf3 d6 5. Bb5 Bd7 6. O-O Nf6 7. Re1 Be7 8. d4
cxd4 9. Nxd4 Nxd4 10. Bxd7+ Qxd7 11. Qxd4 O-O 12. c4 Rfd8 13. Nc3 a6 14. Rad1
Rac8 15. a4 Qc6 16. Re3 Qc5 17. Qd2 Nd7 18. Rg3 Bh4 19. Rd3 Ne5 20. Rh3 Bf6 21.
Rg3 Bh4 22. Rh3 Bf6 23. Ne2 b5 24. axb5 axb5 25. cxb5 Qxb5 26. Nf4 Nc4 27. bxc4
Qxb2 28. Qd3 Qb4 29. e5 dxe5 30. Qxh7+ Kf8 31. Rhd3 Rxd3 32. Nxd3 Qxc4 33. g3
Ke7 34. Rb1 Qd5 35. Nb4 Qc4 36. Nc2 Qxc2 37. Rb7+ Kd6 38. Rb6+ Kd5 39. Rb5+ Kd4
40. Rb4+ Kc3 41. Re4 Qb1+ 42. Kg2 Qb7 43. f3 Qb2+ 44. Kh3 Qd2 45. f4 g6 0-1

[Event "Chigorin Memorial 2014"]
[Site "St Petersburg RUS"]
[Date "2014.10.18"]
[Round "1.55"]
[White "Kolodkin, Daniil"]
[Black "Malakhov, Igor"]
[Result "0-1"]
[BlackTitle "IM"]
[WhiteElo "2072"]
[BlackElo "2441"]
[WhiteFideId "1039776"]
[BlackFideId "4183088"]
[EventDate "2014.10.18"]

1. d4 d5 2. c4 e6 3. Nc3 Nf6 4. cxd5 exd5 5. Bg5 c6 6. e3 Be7 7. Qc2 O-O 8. Bd3
Nbd7 9. Nf3 h6 10. Bh4 Re8 11. O-O-O Ne4 12. Bxe4 Bxh4 13. Bh7+ Kh8 14. Nxh4
Qxh4 15. Bd3 Nf6 16. h3 Ne4 17. Bxe4 dxe4 18. g4 Be6 19. Nxe4 Bd5 20. Nd6 Bxh1
21. Nxe8 Bf3 22. Qf5 Qxf2 23. Qe5 f6 24. Qe7 Rxe8 25. Qxe8+ Kh7 26. Rd2 Qf1+ 27.
Kc2 Qxh3 28. Qe7 b5 29. Qe6 Bxg4 30. Qxc6 Bf5+ 31. e4 Qf3 32. Qxb5 Qxe4+ 33. Kd1
Qh1+ 34. Ke2 Bg4+ 35. Kf2 Qh2+ 36. Ke1 Qg1+ 37. Qf1 Qe3+ 38. Re2 Bxe2 39. Qxe2
Qxd4 40. Qc2+ Kg8 41. Qc8+ Kf7 42. Qb7+ Kf8 43. Qc8+ Ke7 44. Qc7+ Qd7 45. Qc5+
Kf7 46. Qh5+ Kf8 47. Kf2 Qd4+ 48. Kf1 Qf4+ 0-1

[Event "Chigorin Memorial 2014"]
[Site "St Petersburg RUS"]
[Date "2014.10.18"]
[Round "1.57"]
[White "Mamyrbay, Assad"]
[Black "Munguntuul, Batkhuyag"]
[Result "0-1"]
[BlackTitle "IM"]
[WhiteElo "2063"]
[BlackElo "2433"]
[WhiteFideId "13708880"]
[BlackFideId "4900758"]
[EventDate "2014.10.18"]

1. e4 c5 2. Nf3 d6 3. Bb5+ Nd7 4. O-O a6 5. Bd3 g6 6. c3 Bg7 7. a4 e6 8. Bc2 Ne7
9. d4 O-O 10. Nbd2 Qc7 11. Re1 Rb8 12. Nf1 b5 13. axb5 axb5 14. Bg5 Nb6 15. Bd3
c4 16. Bc2 h6 17. Be3 Bb7 18. Qd2 Kh7 19. Ra5 Bc6 20. Rea1 Na4 21. Ra6 Qb7 22.
Ra5 Qc7 23. Ra6 Bb7 24. Ra7 Nc6 25. R7xa4 bxa4 26. Rxa4 Na5 27. d5 e5 28. Qe2
Bc8 29. Rb4 Bd7 30. N1d2 Rb7 31. Rxb7 Qxb7 32. Nxc4 Nxc4 33. Qxc4 Qxb2 34. Bd3
Qa1+ 35. Bf1 Rc8 36. Qb4 Rxc3 37. Bd2 Rc5 38. Ne1 Bf8 39. h3 Bc8 40. Be3 Rc3 41.
Bd2 Rc7 42. Qb5 Qa8 43. Ba5 Ra7 44. Bb6 Ra1 45. Qb4 Ba6 46. Bxa6 Qxa6 47. Be3
Qe2 48. Bd2 Be7 49. g3 Bg5 50. Bc3 Rc1 51. Kg2 Be3 0-1

[Event "Chigorin Memorial 2014"]
[Site "St Petersburg RUS"]
[Date "2014.10.18"]
[Round "1.58"]
[White "Iljiushenok, Ilia"]
[Black "Androsov, Sergey"]
[Result "1-0"]
[WhiteElo "2433"]
[BlackElo "2059"]
[WhiteFideId "24105074"]
[BlackFideId "4102681"]
[EventDate "2014.10.18"]

1. c4 e5 2. Nc3 Nf6 3. g3 Be7 4. Bg2 O-O 5. Nf3 Nc6 6. O-O d6 7. d4 exd4 8. Nxd4
Nxd4 9. Qxd4 c6 10. b3 Qa5 11. Bb2 Be6 12. Rad1 Rfd8 13. e4 Qh5 14. Qd2 Bh3 15.
f3 Bxg2 16. Kxg2 Ne8 17. Rf2 Nc7 18. Ne2 Ne6 19. f4 a5 20. a4 f5 21. Qc2 Rf8 22.
Ba3 c5 23. Rd5 g6 24. Bb2 Nc7 25. Rd1 fxe4 26. Qxe4 Rae8 27. Qxb7 Bf6 28. Rd2
Bxb2 29. Qxc7 Ba3 30. Qxd6 Bb4 31. Rd5 Qg4 32. h3 Qe6 33. Qxe6+ Rxe6 34. Nc1 Re3
35. Nd3 Rfe8 36. g4 Bc3 37. Ne5 Be1 38. Rf3 Re2+ 39. Kf1 Bh4 40. Nd3 Ra2 41. Ne5
g5 42. f5 Ra1+ 43. Kg2 Ra2+ 44. Kg1 Ra1+ 45. Rf1 1-0

[Event "Chigorin Memorial 2014"]
[Site "St Petersburg RUS"]
[Date "2014.10.18"]
[Round "1.59"]
[White "Shemyakin, Valeriy"]
[Black "Ziaziulkina, Nastassia"]
[Result "0-1"]
[BlackTitle "IM"]
[WhiteElo "2054"]
[BlackElo "2429"]
[WhiteFideId "14132818"]
[BlackFideId "13505211"]
[EventDate "2014.10.18"]

1. d4 d5 2. c4 e6 3. Nf3 c6 4. Qb3 Nf6 5. g3 dxc4 6. Qxc4 b5 7. Qd3 Bb7 8. Bg2
Nbd7 9. O-O a6 10. a4 Rc8 11. axb5 cxb5 12. Ng5 Nd5 13. Nc3 N7f6 14. Nge4 Nxe4
15. Bxe4 Nb4 16. Qb1 Bxe4 17. Qxe4 Be7 18. Rd1 Rc4 19. Be3 O-O 20. Rac1 Qc8 21.
Qb1 Rd8 22. b3 Rc6 23. Ne4 Nc2 24. Rd3 Nxe3 25. Rxc6 Qxc6 26. Rxe3 Rxd4 27. Nc3
Qd7 28. Kg2 Bg5 29. Rf3 Qc6 30. h4 Bd2 31. Nd1 g6 32. Nb2 e5 33. e4 Rxe4 0-1

[Event "Chigorin Memorial 2014"]
[Site "St Petersburg RUS"]
[Date "2014.10.18"]
[Round "1.60"]
[White "Gochelashvili, David"]
[Black "Pronin, Vladimir"]
[Result "1-0"]
[WhiteTitle "IM"]
[WhiteElo "2427"]
[BlackElo "2053"]
[WhiteFideId "4161203"]
[BlackFideId "4125487"]
[EventDate "2014.10.18"]

1. e4 e5 2. Nf3 d6 3. d4 exd4 4. Nxd4 Nf6 5. Nc3 Be7 6. Bf4 O-O 7. Qd2 Nc6 8.
O-O-O Nxd4 9. Qxd4 Be6 10. Be2 a6 11. Bg3 c5 12. Qe3 Qa5 13. Bxd6 Bxd6 14. Rxd6
Bxa2 15. Rhd1 Be6 16. Kb1 Rfc8 17. f4 b5 18. f5 Bc4 19. e5 Ne8 20. Rd7 Bxe2 21.
Qxe2 Rd8 22. Qh5 g6 23. fxg6 hxg6 24. Qf3 1-0

[Event "Chigorin Memorial 2014"]
[Site "St Petersburg RUS"]
[Date "2014.10.18"]
[Round "1.61"]
[White "Shapfiullin, Ildar"]
[Black "Usmanov, Vasily"]
[Result "1/2-1/2"]
[BlackTitle "IM"]
[WhiteElo "2050"]
[BlackElo "2427"]
[WhiteFideId "4147146"]
[BlackFideId "4135741"]
[EventDate "2014.10.18"]

1. d4 Nf6 2. Nf3 e6 3. Bg5 h6 4. Bh4 c5 5. e3 b6 6. Nbd2 Be7 7. Bd3 Ba6 8. Bxa6
Nxa6 9. O-O O-O 10. c3 d6 11. Qe2 Nc7 12. e4 d5 13. Ne5 g5 14. Nc6 Qd7 15. Nxe7+
Qxe7 16. Bg3 dxe4 17. Bxc7 Qxc7 18. dxc5 Qxc5 19. Nxe4 Nxe4 20. Qxe4 Rad8 21.
Rad1 Rd5 22. Rxd5 Qxd5 23. Qxd5 exd5 24. Rd1 Rd8 25. Kf1 Kg7 26. Ke2 Kf6 27. Kd3
Re8 28. Rd2 Re1 29. f3 h5 30. Re2 Rd1+ 31. Rd2 Rh1 32. h3 Ke5 33. Ke3 h4 34. Rd4
Rb1 35. Rd2 a5 36. Kf2 b5 37. a3 f6 38. Re2+ Kd6 39. f4 gxf4 40. Kf3 Rf1+ 41.
Kg4 Kc5 42. Kxh4 b4 43. cxb4+ axb4 44. axb4+ Kxb4 45. Kg4 Kc4 46. h4 Kd3 47. Re6
d4 48. h5 Kc2 49. b4 d3 50. Rc6+ Kb3 51. Rd6 Kc3 52. h6 d2 53. b5 Rb1 54. Kxf4
Rxb5 55. g4 Rb6 56. Rxd2 Kxd2 57. Kf5 Ke3 58. h7 Rb8 59. Kxf6 1/2-1/2

[Event "Chigorin Memorial 2014"]
[Site "St Petersburg RUS"]
[Date "2014.10.18"]
[Round "1.62"]
[White "Hayrapetyan, Hovik"]
[Black "Opanasenko, Mikhail"]
[Result "1-0"]
[WhiteTitle "GM"]
[WhiteElo "2426"]
[BlackElo "2048"]
[WhiteFideId "13302639"]
[BlackFideId "24176834"]
[EventDate "2014.10.18"]

1. d4 e6 2. c4 Nf6 3. Nc3 Bb4 4. Qc2 O-O 5. a3 Bxc3+ 6. Qxc3 Ne4 7. Qc2 f5 8.
Nf3 b6 9. g3 Bb7 10. Bg2 Nf6 11. O-O d6 12. d5 exd5 13. Nd4 Rf7 14. Nxf5 Qd7 15.
Ne3 c6 16. cxd5 Nxd5 17. Nxd5 cxd5 18. Be3 Na6 19. Rad1 Nc7 20. Rd4 Re8 21. Rh4
g6 22. Bd4 Qf5 23. Qd2 Qe6 24. Qh6 Nb5 25. e3 Nxd4 26. Rxd4 Ref8 27. Qg5 Qe5 28.
Qg4 Ba6 29. Bxd5 Bxf1 30. Kxf1 Qxe3 31. Qf4 Qxf4 32. Rxf4 Kg7 33. Bxf7 Rxf7 34.
Rxf7+ Kxf7 35. f4 Ke6 36. Ke2 Kd5 37. Kd3 a6 38. g4 h6 39. h3 b5 40. b3 h5 41.
Ke3 hxg4 42. hxg4 a5 43. Kd3 Kc5 44. b4+ axb4 45. axb4+ Kd5 46. Ke3 Kc4 47. f5
gxf5 48. gxf5 Kc3 49. f6 d5 50. f7 d4+ 51. Ke4 d3 52. f8=Q d2 53. Qc5+ Kb2 54.
Qf2 Kc1 55. Kd3 d1=Q+ 56. Kc3 1-0

[Event "Chigorin Memorial 2014"]
[Site "St Petersburg RUS"]
[Date "2014.10.18"]
[Round "1.63"]
[White "Martynyuk, Elizaveta"]
[Black "Petrosyan, Tigran S."]
[Result "0-1"]
[BlackTitle "FM"]
[WhiteElo "2046"]
[BlackElo "2426"]
[WhiteFideId "24128511"]
[BlackFideId "13303678"]
[EventDate "2014.10.18"]

1. e4 e5 2. Nf3 Nc6 3. Bc4 Bc5 4. c3 Nf6 5. d3 d6 6. Bb3 a6 7. O-O Ba7 8. Nbd2
O-O 9. h3 h6 10. Re1 Be6 11. Nc4 Re8 12. Be3 b5 13. Ncd2 Bxe3 14. fxe3 d5 15.
exd5 Bxd5 16. c4 Be6 17. cxb5 axb5 18. Bxe6 Rxe6 19. Ne4 Nxe4 20. dxe4 Qxd1 21.
Rexd1 Ra4 22. b3 Rxe4 23. Kf2 f5 24. Nd2 Rh4 25. Nf3 Rb4 26. Rd7 f4 27. Rad1 Re4
28. exf4 Rxf4 29. Ke3 Re7 30. Rxe7 Nxe7 0-1

[Event "Chigorin Memorial 2014"]
[Site "St Petersburg RUS"]
[Date "2014.10.18"]
[Round "1.64"]
[White "Paravyan, David"]
[Black "Zhdanov, Petr"]
[Result "1-0"]
[WhiteTitle "IM"]
[WhiteElo "2424"]
[BlackElo "2040"]
[WhiteFideId "4194985"]
[BlackFideId "24105929"]
[EventDate "2014.10.18"]

1. e4 e5 2. Nf3 Nc6 3. Bb5 a6 4. Ba4 Nf6 5. d3 b5 6. Bb3 Be7 7. a3 O-O 8. Nc3 d6
9. Nd5 Bg4 10. c3 Na5 11. Ba2 Nxd5 12. Bxd5 c6 13. Ba2 Kh8 14. h3 Bh5 15. Be3
Qc8 16. g4 Bg6 17. Qe2 Qc7 18. h4 f6 19. h5 Bf7 20. Bxf7 Rxf7 21. Nh4 d5 22. Qf3
Nb3 23. Rd1 d4 24. g5 dxe3 25. g6 exf2+ 26. Qxf2 Rff8 27. h6 Bc5 28. d4 exd4 29.
Nf5 dxc3 30. Qh2 Qxh2 31. hxg7+ Kg8 32. Rxh2 hxg6 33. Rd7 1-0

[Event "Chigorin Memorial 2014"]
[Site "St Petersburg RUS"]
[Date "2014.10.18"]
[Round "1.65"]
[White "Svidinsky, Dmitry"]
[Black "Smirnov, Timofey"]
[Result "0-1"]
[WhiteElo "2039"]
[BlackElo "2419"]
[WhiteFideId "24120251"]
[BlackFideId "24176427"]
[EventDate "2014.10.18"]

1. e4 e5 2. Nf3 Nc6 3. Bb5 a6 4. Ba4 Nf6 5. O-O b5 6. Bb3 Be7 7. Re1 d6 8. c3
O-O 9. h3 Nb8 10. d4 Nbd7 11. Nbd2 Bb7 12. Bc2 Re8 13. Nf1 Bf8 14. Ng3 g6 15. a4
Bg7 16. d5 Bf8 17. b3 c6 18. c4 bxc4 19. bxc4 a5 20. Rb1 Qc7 21. Bg5 Be7 22. Nf1
Ba6 23. Ne3 cxd5 24. Bxf6 Nxf6 25. Nxd5 Nxd5 26. cxd5 Rec8 27. Bd3 Bxd3 28. Qxd3
Qc4 29. Qa3 Qc5 30. Qxc5 Rxc5 31. Rec1 Rxc1+ 32. Rxc1 Rb8 33. Rc7 Kf8 34. Ra7
Bd8 35. Ra6 Ke7 36. Ra7+ Ke8 37. Ra6 Rb1+ 38. Kh2 Bb6 39. Nd2 Rb4 40. Nc4 Rxc4
41. Rxb6 Rxe4 42. Rxd6 Rxa4 43. Ra6 Ra1 44. Ra7 a4 45. h4 a3 46. g3 a2 47. Kg2
f5 48. d6 e4 49. Kh2 h6 50. Kg2 g5 51. hxg5 hxg5 52. d7+ Kd8 53. Kh2 f4 54. gxf4
gxf4 55. Ra8+ Kxd7 56. Ra4 e3 57. Rd4+ Kc6 58. Rc4+ Kd5 59. Rc2 Ke4 60. Rc4+ Kd3 0-1

[Event "Chigorin Memorial 2014"]
[Site "St Petersburg RUS"]
[Date "2014.10.18"]
[Round "1.66"]
[White "Tunik, Gennady"]
[Black "Shuster, Andrei"]
[Result "1-0"]
[WhiteTitle "GM"]
[WhiteElo "2417"]
[BlackElo "2038"]
[WhiteFideId "4101219"]
[BlackFideId "34152080"]
[EventDate "2014.10.18"]

1. d4 d5 2. c4 c6 3. Nf3 Nf6 4. Qc2 dxc4 5. Qxc4 Bf5 6. g3 e6 7. Bg2 Nbd7 8. O-O
Be7 9. Rd1 O-O 10. e3 Qc7 11. Nc3 Nd5 12. Qe2 Nxc3 13. bxc3 e5 14. e4 Bg4 15.
Rb1 b6 16. h3 Bh5 17. g4 Bg6 18. Nxe5 Nxe5 19. dxe5 f6 20. e6 Bd6 21. Qf1 Bc5
22. Kh1 Qe5 23. f4 Qxc3 24. f5 Be8 25. Bf4 Be7 26. Qa6 Qa3 27. Qxa3 Bxa3 28. Bd6
Bxd6 29. Rxd6 Kh8 30. e7 Rg8 31. Rd8 Bf7 32. Rbd1 Bd5 33. Rxa8 1-0

[Event "Chigorin Memorial 2014"]
[Site "St Petersburg RUS"]
[Date "2014.10.18"]
[Round "1.67"]
[White "Trapeznikova, Darya"]
[Black "Sarana, Alexey"]
[Result "0-1"]
[WhiteElo "2036"]
[BlackElo "2411"]
[WhiteFideId "24121118"]
[BlackFideId "24133795"]
[EventDate "2014.10.18"]

1. Nf3 d5 2. d4 Nf6 3. c4 e6 4. Nc3 dxc4 5. a4 Bb4 6. e3 c5 7. Bxc4 Nc6 8. O-O
cxd4 9. exd4 O-O 10. Bg5 Be7 11. Qd2 Nb4 12. Rfd1 Bd7 13. d5 exd5 14. Nxd5 Nbxd5
15. Bxd5 Nxd5 16. Qxd5 Bxg5 17. Qxb7 Bf6 18. Rxd7 Qb6 19. Rb1 Qa5 20. b3 Rfb8
21. Qd5 Qxd5 22. Rxd5 Rb4 23. Rd7 g6 24. g3 a6 25. Kg2 Kg7 26. Rd6 a5 27. Rd5
Re4 28. Nd2 Re2 29. Kf3 Re6 30. Ne4 Be7 31. Nc3 Rc8 32. Nb5 Rc2 33. Kg2 Ree2 34.
Rf1 Red2 35. Rxd2 Rxd2 36. Rc1 Bb4 37. Rc4 f5 38. Rd4 Rb2 39. Rd3 Kf6 40. Nc3
Ke5 41. Nd1 Ra2 42. Nc3 Rc2 43. Nd1 Ke4 44. Rd8 Rd2 45. Re8+ Kd3 46. Ne3 Kc3 47.
Nc4 Rd5 48. Re3+ Kc2 49. Kf3 Bc3 50. Na3+ Kb2 51. Ke2 Bb4 52. Nb5 Rd2+ 53. Kf1
Bc5 54. Rf3 Bb6 55. h4 h5 56. Ke1 Rc2 57. Kf1 Rc1+ 58. Ke2 Bc5 59. Kd2 Bb4+ 60.
Ke2 Re1+ 61. Kd3 Kxb3 62. Kd4+ Kxa4 63. Nc3+ Kb3 64. Nd1+ Kc2 65. Ne3+ Kd2 66.
Nc4+ Ke2 67. Ne5 Rd1+ 68. Kc4 Rd6 69. Kb3 Rd5 70. Re3+ Kxf2 71. Nc4 Rd4 72. Re6
Rg4 0-1

[Event "Chigorin Memorial 2014"]
[Site "St Petersburg RUS"]
[Date "2014.10.18"]
[Round "1.68"]
[White "Dzhumagaliev, Yan"]
[Black "Lantini, Marco"]
[Result "1/2-1/2"]
[WhiteTitle "FM"]
[WhiteElo "2415"]
[BlackElo "2035"]
[WhiteFideId "24100110"]
[BlackFideId "801054"]
[EventDate "2014.10.18"]

1. Nf3 Nf6 2. c4 e6 3. g3 b6 4. Bg2 Bb7 5. O-O Be7 6. Nc3 O-O 7. Qc2 d6 8. d4
Qc8 9. e4 c5 10. e5 dxe5 11. dxe5 Nfd7 12. Bg5 Nxe5 13. Bxe7 Nxf3+ 14. Bxf3 Bxf3
15. Bxf8 Qxf8 16. Qd3 Bb7 17. Ne2 Nc6 18. Qe3 Qc8 19. Rad1 e5 20. f3 Qe6 21. b3
Re8 22. Nc3 Nd4 23. Nb5 Qe7 24. b4 a6 25. Nxd4 cxd4 26. Qd2 Bc6 27. a3 Rd8 28.
Qd3 Qd7 29. Rfe1 f6 30. Rd2 g6 31. Qe2 Qf5 32. Rf1 b5 33. c5 Bd5 34. Qf2 Qd7 35.
Re1 Bc6 36. g4 g5 37. Rd3 Qd5 38. Qd2 Kg7 39. Qe2 Be8 40. Qd1 Bc6 41. h3 Qa2 42.
Re2 Qf7 43. Re1 1/2-1/2

[Event "Chigorin Memorial 2014"]
[Site "St Petersburg RUS"]
[Date "2014.10.18"]
[Round "1.69"]
[White "Sheynin, Izrail"]
[Black "Ponomarev, Dmitry"]
[Result "0-1"]
[BlackTitle "IM"]
[WhiteElo "2030"]
[BlackElo "2413"]
[WhiteFideId "4186230"]
[BlackFideId "24112046"]
[EventDate "2014.10.18"]

1. e4 c6 2. d4 d5 3. f3 e6 4. Nc3 Bb4 5. Bf4 Ne7 6. a3 Ba5 7. b4 Bb6 8. Nge2 Ng6
9. Bg3 O-O 10. Na4 Bc7 11. Bxc7 Qxc7 12. g3 dxe4 13. fxe4 e5 14. c3 f5 15. Bg2
fxe4 16. Qb3+ Kh8 17. Bxe4 Bg4 18. Nc5 exd4 19. cxd4 Nd7 20. Bxg6 Nxc5 21. bxc5
hxg6 22. Nf4 Rxf4 23. gxf4 Qxf4 0-1

[Event "Chigorin Memorial 2014"]
[Site "St Petersburg RUS"]
[Date "2014.10.18"]
[Round "1.70"]
[White "Wallace, John Paul"]
[Black "Grachev, Andrey"]
[Result "1-0"]
[WhiteTitle "IM"]
[WhiteElo "2408"]
[BlackElo "2029"]
[WhiteFideId "3200957"]
[BlackFideId "24138290"]
[EventDate "2014.10.18"]

1. e4 e5 2. Nf3 Nc6 3. Bb5 a6 4. Ba4 Nf6 5. d3 b5 6. Bb3 d6 7. Ng5 d5 8. exd5
Nd4 9. c4 Bc5 10. Nc3 Bf5 11. O-O O-O 12. Nge4 Bxe4 13. Nxe4 Nxe4 14. dxe4 Qh4
15. cxb5 axb5 16. Bc2 Ra6 17. Be3 Rg6 18. Kh1 Nxc2 19. Bxc5 Nxa1 20. Bxf8 Kxf8
21. f3 c6 22. dxc6 Qg5 23. Rg1 Rxc6 24. Qxa1 Rc2 25. a4 bxa4 26. Qxa4 Qd2 27.
Qa8+ Ke7 28. Qa7+ Ke6 29. Qb6+ Ke7 30. b4 Rb2 31. Qc7+ Ke6 32. Qc8+ Kf6 33. Qf5+
Ke7 34. Qxe5+ Kf8 35. Qc5+ Ke8 36. b5 Qb4 37. Qe5+ Kf8 38. Qb8+ Ke7 39. Qc7+ Ke8
40. Qg3 g6 41. Qh3 Ke7 42. Qxh7 Qxb5 43. Qh4+ Ke6 44. h3 Qb8 45. f4 Qb5 46. e5
Qb3 47. Qf6+ Kd7 48. Kh2 Rd2 49. Qg5 Qe3 50. Rb1 Qe4 51. Ra1 Qd4 52. Qg4+ Ke7
53. Qg5+ Kd7 54. Ra6 Rxg2+ 55. Qxg2 Qxf4+ 56. Kh1 Qxe5 57. Qb7+ 1-0